000 00854nam a22001815i 4500
001 162950
003 ES-MaACL
005 20250715063127.0
008 951113s1872 sp |||| | spa d
040 _aAS
_bspa
_cCCPB | SIC
100 1 _aRamos Carrión, Miguel,
_d1848-1915
_995293
245 1 0 _aEsperanza
_b: balada lírico-dramática en dos actos y en verso /
_coriginal de Miguel Ramos Carrión ; música del maestro Cereceda.
260 _aMadrid :
_b[s.n.],
_c1872 (
_fImp. de José Rodríguez)
300 _a47 p. ;
_c21 cm.
700 1 1 _aCereceda, Guillermo (
_d1844-1919)
_9126419
852 _aES-MaACL
_jF-8562(2)
_z-- Enc. pasta española
_z-- Ex-libris ms. de San Martín
_q-- Falto de la cub. original
_z-- Enc. en un vol. facticio formando parte de la col. facticia "Teatro español moderno", vol. 14
999 _c162950
_d162950